DSS-89: ninth International Conference on Decision Support Systems
Salvato in:
| Autore principale: | |
|---|---|
| Natura: | Libro |
| Lingua: | inglese |
| Pubblicazione: |
Providence
The Institute of Management Sciences
1989
|
| Soggetti: | |
| Tags: |
Aggiungi Tag
Nessun Tag, puoi essere il primo ad aggiungerne!!
|
MARC
| LEADER | 00000nam a2200000 a 4500 | ||
|---|---|---|---|
| 001 | UCW2771 | ||
| 003 | CL-VaPUC | ||
| 008 | 900405e19890000US |||||||||||||||||eng|d | ||
| 082 | 0 | 4 | |a 658.4 |b WID |2 21 |
| 100 | 0 | |a Widmeyer, George R |e author |9 307058 | |
| 245 | 1 | 0 | |a DSS-89: ninth International Conference on Decision Support Systems |
| 300 | |a 276 p | ||
| 942 | |c BK | ||
| 945 | |d 19900405 00:00:00 | ||
| 260 | |a Providence |b The Institute of Management Sciences |c 1989 | ||
| 650 | 0 | |a Toma de decisiones |9 257530 | |
| 583 | |a last modification |c 19900405 00:00:00 |k Rodrigo Vera | ||
| 999 | |c 217221 |d 217219 | ||
| 952 | |0 0 |1 0 |4 0 |6 658_400000000000000_WID_1989 |7 0 |8 A |9 204210 |a BIBGIM |b BIBGIM |d 2019-11-15 |i 2714450 |o 658.4 WID 1989 |p 2714450 |r 2025-01-15 |w 2019-11-15 |y BK |k COM | ||